Ethnic group politics / (Record no. 41757)
[ view plain ]
| 000 -LEADER | |
|---|---|
| fixed length control field | 01792nam a2200277 a 4500 |
| 001 - CONTROL NUMBER | |
| control field | 41757 |
| 003 - CONTROL NUMBER IDENTIFIER | |
| rucl marc code | BD-RjUL |
| 005 - DATE AND TIME OF LATEST TRANSACTION | |
| control field | 20211209053438.0 |
| 008 - FIXED-LENGTH DATA ELEMENTS--GENERAL INFORMATION | |
| fixed length control field | 160605s1969 ohua b 000 0 eng |
| 020 ## - INTERNATIONAL STANDARD BOOK NUMBER | |
| International Standard Book Number | 0675094364 |
| 035 ## - SYSTEM CONTROL NUMBER | |
| System control number | (BD-RjUL)41875 |
| 040 ## - CATALOGING SOURCE | |
| Original cataloging agency | DLC |
| Transcribing agency | DLC |
| Modifying agency | DLC |
| -- | BD-RjUL |
| Language of cataloging | eng |
| 041 ## - LANGUAGE CODE | |
| Language code of text/sound track or separate title | eng |
| 082 00 - DEWEY DECIMAL CLASSIFICATION NUMBER | |
| Classification number | 320.973 |
| Author mark and year | ETH 1969 |
| 245 10 - TITLE STATEMENT | |
| Title | Ethnic group politics / |
| Statement of responsibility, etc. | edited by Harry A. Bailey, Jr. [and] Ellis Katz. |
| 260 ## - PUBLICATION, DISTRIBUTION, ETC. (IMPRINT) | |
| Place of publication, distribution, etc. | Columbus, Ohio : |
| Name of publisher, distributor, etc. | Merrill, |
| Date of publication, distribution, etc. | c1969 |
| 300 ## - PHYSICAL DESCRIPTION | |
| Pagination | xvi, 331 p. : |
| Illustrations | illus. ; |
| Size | 23 cm. |
| 490 0# - SERIES STATEMENT | |
| Series statement | Merrill political science series |
| 504 ## - BIBLIOGRAPHY, ETC. NOTE | |
| Bibliography, etc | Bibliographical footnotes. |
| 505 0# - FORMATTED CONTENTS NOTE | |
| Formatted contents note | Historical perspectives on the American ethnic group, by O. Handlin.--Religious group conflict, by W. Herberg.--The two worlds of race: a historical view, by J. H. Franklin.--Membership in social groupings, by A. Campbell [and others]--The way of the ethnic in politics, by R. E. Lane.--The political socialization of the American Negro, by D. Marvick.--American Jews and the Presidential vote, by L. H. Fuchs.--The Negro voter in northern industrial cities, by O. Glantz.--Catholic voters and the Democratic Party, by S. Greer.--Bosses, machines, and ethnic politics, by E. E. Cornwell.--Two Negro politicians: an interpretation, by J. Q. Wilson.--The ex-plebes, by R. A. Dahl.--The new men, by R. A. Dahl.--Ethnic politics and the persistence of ethnic identification, by M. Parenti.--Black nationalism: conclusions and trends, by E. U. Essien-Udom.--Black power, by S. Carmichael and C. Hamilton.--Beyond the melting pot, by N. Glazer and D. P. Moynihan. |
| 650 #0 - SUBJECT ADDED ENTRY--TOPICAL TERM | |
| Topical term or geographic name as entry element | Voting |
| Geographic subdivision | United States. |
| 9 (RLIN) | 128174 |
| Topical term or geographic name as entry element | Elections |
| Geographic subdivision | United States. |
| 9 (RLIN) | 128278 |
| 700 1# - ADDED ENTRY--PERSONAL NAME | |
| Personal name | Katz, Ellis, |
| Dates associated with a name | 1938- |
| Relator term | joint comp. |
| 942 ## - ADDED ENTRY ELEMENTS (KOHA) | |
| Source of classification or shelving scheme | Dewey Decimal Classification |
| Koha item type | Books |
| Lost status | Source of classification or shelving scheme | Damaged status | Not for loan | Collection code | Permanent Location | Current Location | Shelving location | Date acquired | Source of acquisition | Total Checkouts | Full call number | Date last seen | Copy number | Koha item type |
|---|---|---|---|---|---|---|---|---|---|---|---|---|---|---|
| Dewey Decimal Classification | Not For Loan | Non-fiction | Central Library, University of Rajshahi | Central Library, University of Rajshahi | Reading Room | 30/03/1977 | Lion Internationals | 320.973 ETH 1969 | 05/06/2016 | C-1 | Books |